000 00557nam a2200205 a 4500
005 20210219153131.0
008 991125n 000 0 u
035 _aUPN01000079495
100 1 _aNervi Fre, Juan Ricardo
222 _aPEDAGOGIA :
222 _bREVISTA DE LA UNIVERSIDAD PEDAGOGICA NACIONAL
245 _aFolklore, comunicación y didáctica
300 _a29-32
362 0 _a1987 Vol. 4, no. 9, ene.-mar.
653 0 _aCOMUNICACION
653 0 _aCULTURA POPULAR
653 0 _aFOLKLORE
904 _aAC
_b017306
905 _aArticulo
999 _c69075
_d69075